000 00817nam a2200229 i 4500
001 141176
003 ES-MaACL
005 20230906200235.0
007 t|
008 070919s1970 sp ||||1| spa d
100 1 _aWinton, F. R.
_9117123
245 1 0 _aFisiología humana /
_cWinton & Bayliss ; revisado y dirigido por O. C. J. Lippold... y F. R. Winton... ; versión española por los doctores Fernando Perán Torres y Carlos Osorio Pelèz.
250 _a1ª ed.
260 _aBarcelona :
_bJIMS,
_c1970.
300 _aXXXVIII, 797 p. :
_bil. ;
_c25 cm.
650 4 _aFisiología humana.
_912890
700 1 _aBayliss, L. E.
_926677
700 1 _aLippold, O. C. J.
_972506
700 1 _aOsorio Peláez, Carlos.
_987775
700 0 _aPerán Torres, Fernando.
_990396
852 _aES-MaACL
_jC-37361
_bR.75162
999 _c141176
_d141176